000 00381 a2200169 4500
001 190383
020 _a978-85-7412-113-0
040 _cMagnum
100 _aOliveira Filho, Milton Célio de
240 1 0 _aO caso das bananas
_lpor
245 1 0 _aO caso das bananas
300 _a32
362 0 _a2003
440 1 _aBrinque-Book
697 _aLITERATURA INFANTIL
942 _cBK
999 _c190383
_d190383